000 00679nam a2200193 i 4500
001 65593
003 ES-MaACL
005 20260303063013.0
007 t|
008 040116s1948 sp |||| | spa d
100 1 _aFuente Chaos, Alfonso de la,
_d1908-1988
_952864
245 1 0 _aNueva visión de la patología /
_cpor Alfonso de la Fuente Chaos.
260 _aMadrid :
_bInstituto Nacional de Medicina y Seguridad en el Trabajo,
_c1948 (
_fNuevas Gráficas)
300 _a63 p. ;
_c22 cm.
650 0 4 _aPatología.
_915884
710 2 _aInstituto Nacional de Medicina y Seguridad en el Trabajo (España)
_95176
852 _aES-MaACL
_jC-5360
999 _c65593
_d65593